000
00236 a2200097 4500
001
14118
100
_a
Ballard P.B
245
_a
Fundamental English book III book II
260
_a
London
_b
Univ of London press
_c
090
_c
11063
_d
11063
942
_a
NUST-CAE
_c
M
_c
1185
999
_c
249191
_d
249191